Atlas equine anatomy

Guardat en:
Dades bibliogràfiques
Autor principal: Pasquini, Chris J.
Format: Llibre
Idioma:Undetermined
Publicat: Washington Sudz Pub. 1978
Matèries:
Etiquetes: Afegir etiqueta
Sense etiquetes, Sigues el primer a etiquetar aquest registre!
Thư viện lưu trữ: Trung tâm Học liệu Trường Đại học Cần Thơ
LEADER 00512nam a2200181Ia 4500
001 CTU_126093
008 210402s9999 xx 000 0 und d
082 |a 636.10897 
082 |b P284 
100 |a Pasquini, Chris J. 
245 0 |a Atlas equine anatomy 
245 0 |c Chris J. Pasquini, V. Krishna Reddy, Marc H. Ratzlaff 
260 |a Washington 
260 |b Sudz Pub. 
260 |c 1978 
650 |a Horses anatomy atlases 
904 |i Nguyên 
980 |a Trung tâm Học liệu Trường Đại học Cần Thơ